Maudsley & Burn's Land Law Cases & Materials : (Record no. 497)

MARC details
000 -LEADER
fixed length control field 00641nam a22001697a 4500
008 - FIXED-LENGTH DATA ELEMENTS--GENERAL INFORMATION
fixed length control field 110421t xxu||||| |||| 00| 0 eng d
020 ## - INTERNATIONAL STANDARD BOOK NUMBER
International Standard Book Number 0199226177
082 ## - DEWEY DECIMAL CLASSIFICATION NUMBER
Classification number 346.04 BUR
100 ## - MAIN ENTRY--PERSONAL NAME
Personal name Burn, E.H.
9 (RLIN) 1463
245 ## - TITLE STATEMENT
Title Maudsley & Burn's Land Law Cases & Materials :
Statement of responsibility, etc E.H. Burn /
250 ## - EDITION STATEMENT
Edition statement 9th ed.
260 ## - PUBLICATION, DISTRIBUTION, ETC. (IMPRINT)
Place of publication, distribution, etc New York:
Name of publisher, distributor, etc Oxford University Press.
Date of publication, distribution, etc 2009.
300 ## - PHYSICAL DESCRIPTION
Extent Ixxxiv,1130p.;
Dimensions 22 cm.
942 ## - ADDED ENTRY ELEMENTS (KOHA)
Source of classification or shelving scheme Dewey Decimal Classification
Item type Books
Holdings
Withdrawn status Lost status Source of classification or shelving scheme Damaged status Not for loan Home library Current library Shelving location Date acquired Total Checkouts Full call number Barcode Date last seen Price effective from Koha item type
    Dewey Decimal Classification     Law Development Centre Main Library Law Development Centre Main Library Text Books and Laws 04/21/2011   346.04 BUR 17309 04/21/2011 04/21/2011 Books
    Dewey Decimal Classification     Law Development Centre Main Library Law Development Centre Main Library Text Books and Laws 04/21/2011   346.04 BUR 17310 04/21/2011 04/21/2011 Books